000 00366nam a2200133Ia 4500
008 150202s9999 xx 000 0 und d
020 _a067976402X
050 _aFIC
_bFIC
100 _aGuterson, David.
245 _aSnow falling on cedars /
_cDavid Guterson.
260 _aNew York :
_bVintage Books,
_c1995.
300 _a460 pages :
_c18 cm.
650 _aFiction.
999 _c282130
_d282130